000 00502nam a2200193Ia 4500
003 GCL
008 140319s9999 xx 000 0 eng d
040 _aGCL /
_cGCL
082 0 4 _a306.874
_bS A
100 1 _aSPOCK, DR.
245 1 0 _aL'ART D'ETRE PARENTS /
_cSPOCK, DR.
260 _a[S.N] :
_bMARABOUT UNIVERSITE ،
_c1990
300 _a468 P
650 0 4 _aCHILDREN
650 0 4 _aPARENTS
650 0 4 _aCHILDREN - DISEASES - DIAGNOSIS
650 0 4 _aCHILDREN BOOKS AND READING
942 _2ddc
_cBK
999 _c24638
_d24638